000 nam a22 7a 4500
999 _c126520
_d126520
008 170724b xxu||||| |||| 00| 0 eng d
050 _aBV660.3.N45 2016
100 _aNelson, Alan E.
_933464
245 _aSpirituality and leadership
_c/ Alan E. Nelson
260 _bSummit Crest
_c2016
300 _a175p. ;
_c22cm.
650 _aClergy
_xOffice
_9764
650 _aClergy
_xReligious life
_933465
650 _aChristian leadership
_911259
650 _aPastoral theology
_9322
942 _2lcc
_cMONOGRAPH